• 首页
  • 本馆介绍
  • 公告通知
  • 最新文献
  • 馆藏检索
  • 电子资源
  • 读者导购
  • 参考咨询
  • 我的图书馆
  • 登录
  • 详细信息显示
  • 放入我的书架
  • 预约/预借图书
  • 作者相关作品
  • 分类相关作品
  • 丛书相关作品
  • 出版社相关作品

书目信息

  • 表格格式
  • 工作单格式
  • 卡片格式
题名:
新视野、新开拓
    
 
作者: 陆士清 主编
分册:  
出版信息: 上海   复旦大学出版社  2002
页数: 499页
开本: 20cm
丛书名:
单 册:
中图分类: I106-53
科图分类:
主题词: 作品--文学评论--文集--世界 , 作品--文学研究--文集--世界
电子资源:
ISBN: 7-309-03384-1
000 00856nam0 2200217 45
001 0410260888
005 20041026085758.3
010    @a7-309-03384-1@dCNY25.00
100    @a20041026d2002 km y0chiy0120 ea
101 0  @achi
105    @a z 000yy
200 1  @a新视野、新开拓@AXin Shi Ye、Xin Kai Tuo@e第十二届世界华文文学国际学术研讨会论文集@EDi Shi Er Jie Shi Jie Hua Wen Wen Xue Guo Ji Xue Shu Yan Tao Hui Lun WenJi@f陆士清主编@FLu Shi Qing Zhu Bian
210    @a上海@c复旦大学出版社@d2002
215    @a499页@d20cm
517    @a第十二届世界华文文学国际学术研讨会论文集@ADi Shi Er Jie Shi Jie Hua Wen Wen Xue Guo Ji Xue Shu Yan Tao Hui Lun Wen Ji
606 0  @a作品@x文学评论@x文集@y世界
606 0  @a作品@x文学研究@x文集@y世界
690    @aI106-53@v4
701  0 @a陆士清@4主编
801    @aCN@bTSTCL@c20041026
905    @b336085-089@dI106-53@e110@f5
    
    新视野、新开拓:第十二届世界华文文学国际学术研讨会论文集/陆士清主编.-上海:复旦大学出版社,2002
    499页;20cm
    
    
    ISBN 7-309-03384-1:CNY25.00
    
●
相关链接 在E读中查询图书 在五车中查询图书 在当当中查询图书 在豆瓣中查询图书


正题名:新视野、新开拓     索取号:I106-53/110         预约/预借

序号 登录号 条形码 馆藏地/架位号 状态 备注
1 0336085   203360852   第二借阅区/ [索取号:I106-53/110] 在馆    
2 0336086   203360861   第二借阅区/ [索取号:I106-53/110] 在馆    
3 0336087   203360870   第二借阅区/ [索取号:I106-53/110] 在馆    
4 0336088   203360889   第二借阅区/ [索取号:I106-53/110] 在馆    
5 0336089   203360898   第一样本阅览室/ [索取号:I106-53/110] 在馆    
唐山师范学院图书馆 欢迎您!
大连网信软件有限公司© 版权所有